El cazador del desierto / (Registro nro. 11125)

Detalles MARC
000 -LIDER
fixed length control field 00650nam a22002417a 4500
001 - NÚMERO DE CONTROL
Identificador de número de control 001005
003 - IDENTIFICACDOR DE NÚMERO DE CONTROL
control field DO-SdBNP
005 - DATE AND TIME OF LATEST TRANSACTION
control field 20180118113407.0
007 - CAMPOS FIJOS DE DESCRIPCIÓN FÍSICA
fixed length control field 001005
008 - ELEMENTOS DE LONGITUD FIJA
fixed length control field 160809b 1998 sp||||| |||| 00| 0 spa d
020 ## - ISBN
International Standard Book Number 9788420789897
040 ## - FUENTE DE CATALOGACIÓN
Agencia que crea de manera original el registro BPMSU
Idioma de catalogación spa
Agencia que realiza la transcripción BPMSU
092 ## - LOCALLY ASSIGNED DEWEY DECIMAL CALL NUMBER
Número de clasificación xxxx
Número de ítem (Cutter) xxxx
100 1# - ASIENTO PRINCIPAL -- NOMBRE PERSONAL
Nombre personal Silva, Lorenzo
245 13 - MENCIÓN DE TITULO
Título El cazador del desierto /
Mención de responsabilidad Lorenzo Silva
260 ## - PUBLICACIÓN, DISTRIBUCIÓN, ETC. (PIE DE IMPRENTA)
Lugar de publicación, distribución, etc Madrid :
Nombre del editor, distribuidor, etc. Anaya,
Fecha de publicación, distribución, etc 1998.
Fecha de impresión 8a reimpresión 2004
300 ## - DESCRIPCIÓN FÍSICA
Extensión 183 p. :
Dimensiones 23 cm.
490 1# - MENCIÓN DE SERIES
Mención de serie Espacio abierto
Volume/sequential designation 66
830 #1 - ASIENTO SECUNDARIO DE SERIE--TÍTULO UNIFORME
Título uniforme Espacio abierto
Número de la parte o sección de una obra 66
942 ## - ADDED ENTRY ELEMENTS (KOHA)
Source of classification or shelving scheme Dewey Decimal Classification
Koha item type Libros
945 ## - INFORMACIÓN DE PROCESAMIENTO LOCAL
Información de procesamiento local Inventariado, 2018/LP
956 ## - LOCAL ELECTRONIC LOCATION AND ACCESS (OCLC)
Nombre de host BTAVÁREZ
Número de acceso 10
Información de compresión 20160908
Trayectoria 001005
Existencias
Withdrawn status Lost status Source of classification or shelving scheme Damaged status Not for loan Collection code Home library Current library Date acquired Source of acquisition Total Checkouts Barcode Date last seen Price effective from Koha item type
    Dewey Decimal Classification     Colección General Biblioteca Pública Metropolitana Salomé Ureña Biblioteca Pública Metropolitana Salomé Ureña 08/09/2016 Fundi   BPMSU16080115 08/09/2016 08/09/2016 Libros